| 000 | 01169nac a22003977a 4500 | ||
|---|---|---|---|
| 001 | BR0205779 | ||
| 003 | BR-BrBNA | ||
| 005 | 20240105122724.0 | ||
| 008 | 230509b bl.|||m| |||| 00| 0 por d | ||
| 040 |
_aBR-BrBNA _bpor _cBiblioteca Nacional de Agricultura |
||
| 072 | _aL01 | ||
| 090 | _a7600 BR0205779 | ||
| 100 | 1 | _aWatanabe, J.K. | |
| 100 | 1 | _aYamaoka, R.S. | |
| 100 | 1 | _aBaroni, S.A. | |
| 110 | 1 | _aFundação Instituto Agronômico do Paraná, Londrina (Brasil) | |
| 245 | 1 | _aCadeia produtiva da seda; Diagnóstico e demandas atuais | |
| 260 | 3 |
_aLondrina, PR (Brasil): _c1998. |
|
| 300 | _a130 p. | ||
| 490 |
_aDocumentos - Fundação Instituto Agronômico do Paraná (Brazil) _vno. 22 _xISSN |
||
| 500 | _a11 ref.; 31 illus.; 44 tables | ||
| 650 | _aSERICICULTURA | ||
| 650 | _aBICHO DA SEDA | ||
| 650 | _aCASULO | ||
| 650 | _aSEDA | ||
| 650 | _aCOMPORTAMENTO SEXUAL | ||
| 650 | _aLINHAGEM | ||
| 650 | _aINVESTIMENTO | ||
| 650 | _aLAGARTA DO COLO | ||
| 650 | _aVENDA | ||
| 650 | _aSECAGEM ARTIFICIAL | ||
| 650 | _aESTOCAGEM | ||
| 650 | _aTECELAGEM | ||
| 909 |
_a202312 _bLúcia Elande _c55 _dLúcia Elande |
||
| 942 |
_2AGRIS _n0 _cMS |
||
| 999 |
_c292514 _d292514 |
||